Economic principles, problems and policies / (Registro nro. 5327)

Detalles MARC
000 -LEADER
fixed length control field 00912nam a2200253Ia 4500
003 - CONTROL NUMBER IDENTIFIER
control field OSt
005 - DATE AND TIME OF LATEST TRANSACTION
control field 20200606134632.0
008 - FIXED-LENGTH DATA ELEMENTS--GENERAL INFORMATION
fixed length control field 191128t1946 eu fr 000 0 spa d
040 ## - CATALOGING SOURCE
Original cataloging agency CO-JMCR
Transcribing agency CO-JMCR
041 0# - LANGUAGE CODE
Language code of text/sound track or separate title eng
082 04 - DEWEY DECIMAL CLASSIFICATION NUMBER
Classification number 330.01 /
Item number K324e
Edition number 23
100 1# - MAIN ENTRY--PERSONAL NAME
Personal name Kiekhofer, William H.,
Relator term autor
9 (RLIN) 5119
245 #0 - TITLE STATEMENT
Title Economic principles, problems and policies /
Statement of responsibility, etc. William H. Kiekhofer
250 ## - EDITION STATEMENT
Edition statement Tercera edición
260 ## - PUBLICATION, DISTRIBUTION, ETC.
Place of publication, distribution, etc. New York ; Londres :
Name of publisher, distributor, etc. D. Appleton-Century Company,
Date of publication, distribution, etc. ©1946
300 ## - PHYSICAL DESCRIPTION
Extent xxxiii, 910 páginas ;
Dimensions 24 cm.
490 0# - SERIES STATEMENT
Series statement The century studies in economics
505 0# - FORMATTED CONTENTS NOTE
Formatted contents note Production -- Exchange -- Valuation -- Distribution -- Consumption and saving -- Financing goverment -- Economic systems
650 14 - SUBJECT ADDED ENTRY--TOPICAL TERM
Topical term or geographic name entry element Evaluación económica
9 (RLIN) 5120
650 14 - SUBJECT ADDED ENTRY--TOPICAL TERM
Topical term or geographic name entry element Política económica
9 (RLIN) 5121
650 14 - SUBJECT ADDED ENTRY--TOPICAL TERM
Topical term or geographic name entry element Producción
9 (RLIN) 5122
650 14 - SUBJECT ADDED ENTRY--TOPICAL TERM
Topical term or geographic name entry element Sistemas económicos
9 (RLIN) 4576
942 ## - ADDED ENTRY ELEMENTS (KOHA)
Source of classification or shelving scheme Dewey Decimal Classification
Koha item type Books
Existencias
Withdrawn status Lost status Source of classification or shelving scheme Damaged status Not for loan Collection code Home library Current library Date acquired Source of acquisition Cost, normal purchase price Total Checkouts Full call number Barcode Date last seen Copy number Koha item type
    Dewey Decimal Classification     Non-fiction Biblioteca Pública José María del Castillo y Rada Biblioteca Pública José María del Castillo y Rada 04/15/2018 Donación 0.00   330.01 / K324e 430001717 05/16/2024 Ej.1 Books